Régimen político y estado de la democracia en Nicaragua: procesos en desarrollo y conflictos recientes /

Este texto indaga sobre los nexos entre las dinámicas del régimen político y el estado de la democracia en la Nicaragua contemporánea, atendiendo especialmente a lo acaecido bajo el último gobierno del Frente Sandinista de Liberación Nacional (2006-2011) y la continuidad tras la reelección de Daniel...

Celý popis

Uloženo v:
Podrobná bibliografie
Hlavní autor: Chaguaceda, Armando
Médium: Text
Témata:
Tagy: Přidat tag
Žádné tagy, Buďte první, kdo vytvoří štítek k tomuto záznamu!

MARC

LEADER 00000 a a2200000 04500
001 45575
003
040 |a CRAI/IIS  |c CRAI/IIS 
100 |a Chaguaceda, Armando  
245 |a Régimen político y estado de la democracia en Nicaragua:   |b procesos en desarrollo y conflictos recientes /  |c Armando Chaguaceda  
520 |a Este texto indaga sobre los nexos entre las dinámicas del régimen político y el estado de la democracia en la Nicaragua contemporánea, atendiendo especialmente a lo acaecido bajo el último gobierno del Frente Sandinista de Liberación Nacional (2006-2011) y la continuidad tras la reelección de Daniel Ortega para el periodo 2012-2017.  
590 |a DISEMINAR102013/AMB/NOVIEMBRE2014  
650 |a ESTADO  
650 |a DEMOCRACIA  
650 |a POLITICA  
650 |a NICARAGUA  
773 |g número240 (2012), páginas 163-174  
999 |c 18267  |d 18267